Normal view
MARC view
Entry Topical Term
001 - CONTROL NUMBER
- control field: 7397
003 - CONTROL NUMBER IDENTIFIER
- control field: ARRUPE
005 - DATE AND TIME OF LATEST TRANSACTION
- control field: 20140130143134.0
008 - FIXED-LENGTH DATA ELEMENTS
- fixed length control field: 140130|| aca||aabn | a|a d
040 ## - CATALOGING SOURCE
- Original cataloging agency: ARRUPE
- Transcribing agency: ARRUPE
150 ## - HEADING--TOPICAL TERM
- Topical term or geographic name as entry element: Monasticism and religious orders
- Geographic subdivision: England
- Geographic subdivision: West Riding of Yorkshire
- General subdivision: History
- Chronological subdivision: Middle Ages, 600-1500.
670 ## - SOURCE DATA FOUND
- Source citation: Work cat.: (ARRUPE)0: Wardrop, Joan. 7394, Fountains Abbey and its benefactors, 1132-1300 /, 1986.